000 00850am a2200289a 44500
003 AR-BaBNM
005 20251128211100.0
008 012120s1969 #AR|||||||||||000 | esp||
040 _cAR-BaBNM
100 1 _aMarsal, Juan F.
245 1 0 _aHacer la América
_bautobiografía de un inmigrante español en la Argentina
250 _a1ª ed.
260 _aBuenos Aires
_bEditorial del Instituto
_c1969
300 _a445 p.
_bil., tablas
490 0 _aSerie Naranja. Sociología
650 4 _aSOCIOLOGIA
650 4 _aCIENCIAS SOCIALES
650 4 _aINVESTIGACION EN CIENCIAS SOCIALES
650 4 _aAUTOBIOGRAFIAS
650 4 _aINMIGRACION EN ARGENTINA
650 4 _aINVESTIGACION SOCIOLOGICA
650 4 _aHISTORIA SOCIAL
653 _aMETODOS CUALITATIVOS
700 1 _aGermani, Gino
_eprologuista
942 _cBK
998 _calicia
999 _c18150
_d18150